[Event "Nittenau-ch 14th"]
[Site "Nittenau"]
[Date "2014.09.07"]
[Round "4"]
[White "Haxha, Florijan"]
[Black "Gan, Maxwell"]
[Result "0-1"]
[WhiteElo "887"]
[BlackElo "1169"]
[PlyCount "66"]
[EventDate "2014.09.05"]
[EventType "swiss"]
[EventRounds "5"]
[EventCountry "GER"]
[SourceTitle "CBM 162 Extra"]
[Source "ChessBase"]
[SourceDate "2014.10.17"]
[SourceVersion "1"]
[SourceVersionDate "2014.10.17"]
[SourceQuality "1"]

1. e4 e5 2. Nf3 Nc6 3. Nc3 Bc5 4. Nxe5 Nxe5 5. d4 Bd6 6. dxe5 Bxe5 7. Bc4 c6 8. Qh5 Qf6 9. 0-0 d6 10. Bg5 Qg6 11. Qxg6 hxg6 12. f4 Bd4+ 13. Kh1 Nf6 14. Bxf6 gxf6 15. Ne2 Bxb2 16. Rad1 Ba3 17. Ng3 Be6 18. Bxe6 fxe6 19. f5 exf5 20. exf5 g5 21. Ne4 Ke7 22. Rfe1 Bb4 23. Re2 d5 24. Nxg5+ Kd7 25. Nf3 Bd6 26. Re6 Be7 27. h4 Rag8 28. Rde1 Rg7 29. Kh2 Bd6+ 30. Kh3 Rg3+ 31. Kh2 Rxf3+ 32. Kg1 Bc5+ 33. Kh1 Rxh4# 0-1

[Event "Nittenau-ch 14th"]
[Site "Nittenau"]
[Date "2014.09.06"]
[Round "2"]
[White "Haxha, Florijan"]
[Black "Burgard, Manfred"]
[Result "1/2-1/2"]
[WhiteElo "887"]
[BlackElo "1391"]
[PlyCount "62"]
[EventDate "2014.09.05"]
[EventType "swiss"]
[EventRounds "5"]
[EventCountry "GER"]
[SourceTitle "CBM 162 Extra"]
[Source "ChessBase"]
[SourceDate "2014.10.17"]
[SourceVersion "1"]
[SourceVersionDate "2014.10.17"]
[SourceQuality "1"]

1. e4 c5 2. Nf3 d6 3. Bb5+ Bd7 4. Nc3 a6 5. Bc4 e6 6. d4 cxd4 7. Qxd4 Nc6 8. Qd3 Nf6 9. Be3 Qc7 10. 0-0 Na5 11. Nd2 Nxc4 12. Qxc4 Bc6 13. Rad1 b5 14. Qd3 Be7 15. Bf4 e5 16. Bg5 Rd8 17. Bxf6 Bxf6 18. Nd5 Bxd5 19. exd5 0-0 20. c3 Rc8 21. a3 Rfe8 22. f3 Qb6+ 23. Kh1 Bg5 24. Rfe1 Rc4 25. Re4 Rec8 26. Nb3 h6 27. Nd2 Bxd2 28. Rxd2 Qc7 29. Rxc4 Qxc4 30. Qxc4 Rxc4 31. Kg1 f6 1/2-1/2

[Event "Nittenau-ch 14th"]
[Site "Nittenau"]
[Date "2014.09.05"]
[Round "1"]
[White "Benkert, Gerhard"]
[Black "Haxha, Florijan"]
[Result "1-0"]
[WhiteElo "1580"]
[BlackElo "887"]
[PlyCount "97"]
[EventDate "2014.09.05"]
[EventType "swiss"]
[EventRounds "5"]
[EventCountry "GER"]
[SourceTitle "CBM 162 Extra"]
[Source "ChessBase"]
[SourceDate "2014.10.17"]
[SourceVersion "1"]
[SourceVersionDate "2014.10.17"]
[SourceQuality "1"]

1. e4 e5 2. Nf3 Nc6 3. Bb5 a6 4. Ba4 Bc5 5. c3 d6 6. 0-0 Nf6 7. Qe2 0-0 8. d3 Bd7 9. Nbd2 b5 10. Bc2 Bg4 11. h3 Bh5 12. Rd1 d5 13. Nf1 d4 14. Ng3 Qd7 15. Nxh5 Nxh5 16. Nxe5 Nxe5 17. Qxh5 f6 18. Bf4 Ng6 19. Bg3 Bd6 20. Qd5+ Kh8 21. Bxd6 cxd6 22. Qxd4 Nf4 23. Qe3 g5 24. Kh2 Ng6 25. Rf1 Rfe8 26. Bd1 Qc7 27. Kh1 d5 28. Bh5 dxe4 29. Bxg6 hxg6 30. dxe4 Qe5 31. Qf3 Qf4 32. Qxf4 gxf4 33. f3 Rad8 34. Rad1 Kg7 35. Kg1 Kf7 36. Rfe1 Ke7 37. Kf2 Rd6 38. Rxd6 Kxd6 39. Rd1+ Kc7 40. Rd4 Re5 41. a4 Kc6 42. axb5+ axb5 43. g3 g5 44. g4 Kc5 45. Ke2 Re8 46. Rd5+ Kc4 47. Kd2 Rh8 48. Kc2 Rxh3 49. b3# 1-0

[Event "Zweibruecken PSB-ch HT3 82nd"]
[Site "Zweibruecken"]
[Date "2013.03.29"]
[Round "5"]
[White "Gilb, Dieter"]
[Black "Haxha, Florijan"]
[Result "0-1"]
[WhiteElo "1232"]
[BlackElo "1327"]
[PlyCount "56"]
[EventDate "2013.??.??"]
[EventType "swiss"]
[EventRounds "7"]
[EventCountry "GER"]
[SourceTitle "EXT 2014"]
[Source "ChessBase"]
[SourceDate "2013.11.20"]
[SourceVersion "1"]
[SourceVersionDate "2013.11.20"]
[SourceQuality "1"]

1. e4 e6 2. Nf3 d5 3. exd5 exd5 4. h3 Nf6 5. Bb5+ c6 6. Be2 Bd6 7. d3 0-0 8. 0-0 Bf5 9. Re1 Re8 10. Bg5 Nbd7 11. Nbd2 h6 12. Bxf6 Qxf6 13. c3 Re7 14. d4 Rae8 15. Bf1 Rxe1 16. Nxe1 Qg6 17. g3 Nf6 18. Bg2 Ne4 19. Nxe4 Bxe4 20. Qd2 Bxg2 21. Nxg2 Qh5 22. h4 Re2 23. Qd1 Qf3 24. Qf1 Rxb2 25. Ne3 Bxg3 26. fxg3 Qxe3+ 27. Kh1 Qxg3 28. Re1 Rh2# 0-1

[Event "Zweibruecken PSB-ch HT3 82nd"]
[Site "Zweibruecken"]
[Date "2013.03.22"]
[Round "1"]
[White "Haxha, Florijan"]
[Black "Schimmelpfennig, Klaus"]
[Result "0-1"]
[WhiteElo "1327"]
[BlackElo "1746"]
[PlyCount "44"]
[EventDate "2013.??.??"]
[EventType "swiss"]
[EventRounds "7"]
[EventCountry "GER"]
[SourceTitle "EXT 2014"]
[Source "ChessBase"]
[SourceDate "2013.11.20"]
[SourceVersion "1"]
[SourceVersionDate "2013.11.20"]
[SourceQuality "1"]

1. e4 c6 2. d4 d5 3. Nc3 e6 4. a3 Nd7 5. e5 c5 6. Nf3 a6 7. Be2 Qc7 8. Be3 Ne7 9. dxc5 Nxc5 10. Nh4 Nc6 11. f4 b5 12. 0-0 Bb7 13. Kh1 0-0-0 14. Bd4 Ne4 15. Bg1 g5 16. fxg5 Nxg5 17. Nf3 Nxf3 18. Bxf3 Nxe5 19. Bh5 f5 20. Qe2 d4 21. Na2 Rg8 22. Rf2 Bh6 0-1